Misplaced Movie Titles Quiz Stats

 Plays Quiz Updated Jun 3, 2015

Challenge
Share
Tweet
Score 0/12 Timer 06:00
5 Plays Today
% Correct
Ghostbusters
97.1%
Jaws
96.4%
Finding Nemo
96.3%
Monsters, Inc,
93.7%
Pirates of the Caribbean
92.8%
Harry Potter
92.1%
Back to the Future
88.4%
The Godfather
86.7%
The Nightmare Before Christmas
82.6%
The Ring
79.1%
Willy Wonka and the Chocolate Factory
76.6%
Avatar
62.4%

You're not logged in!

Compare scores with friends on all Sporcle quizzes.
OR
Log In

You Might Also Like...

Show Comments

Extras

Top Quizzes Today


Score Distribution

Your Account Isn't Verified!

In order to create a playlist on Sporcle, you need to verify the email address you used during registration. Go to your Sporcle Settings to finish the process.

Report this User

Report this user for behavior that violates our Community Guidelines.

Details: